Statistics for Overwatch 2 Ranks

Click here to take the quiz!

General Stats

  • This quiz has been taken 32 times
  • The average score is 33 of 36

Answer Stats

Rank% Correct
Bronze 2
100%
Bronze 3
100%
Bronze 4
100%
Bronze 5
100%
Silver 3
100%
Silver 4
100%
Bronze 1
97%
Diamond 1
97%
Gold 1
97%
Gold 2
97%
Gold 3
97%
Gold 4
97%
Gold 5
97%
Silver 1
97%
Silver 2
97%
Silver 5
97%
Diamond 2
93%
Diamond 3
93%
Diamond 4
93%
Diamond 5
93%
Platinum 1
90%
Platinum 2
90%
Platinum 3
90%
Platinum 4
90%
Platinum 5
90%
Top 500
86%
Grandmaster 1
83%
Grandmaster 2
83%
Grandmaster 3
83%
Grandmaster 4
83%
Grandmaster 5
83%
Master 1
83%
Master 2
83%
Master 3
83%
Master 4
83%
Master 5
83%

Score Distribution

Percentile by Number Answered

Percent of People with Each Score

Your Score History

You have not taken this quiz